000 00278nam a22001217a 4500
999 _c534248
_d534248
040 _cdlc
082 _a891.4397
100 _aMannu Bhai
_928413
245 _aUrdu ka Behtareen Mazayia Adab
260 _aLahore
_bTaha Publications
_cc2005
300 _a416;p
942 _2ddc
_cBK